Carregant...

Functions of one complex variable

Dades bibliogràfiques
Autor principal: Conway, John B
Format: Printed Book
Publicat: Narosa Publishing House, New Delhi 1990
Edició:23
Matèries:
LEADER 00530nam a2200169 4500
082 |a R 515.9 CON-F2 
100 |a Conway, John B 
245 |a Functions of one complex variable  |c John B Conway 
250 |a 23 
260 |a Narosa Publishing House, New Delhi  |c 1990 
300
490
650 |a Functions of complex variables-- Analysis-- Mathematics 
700
942 |c BK 
999 |c 203012  |d 203012 
952 |0 0  |1 0  |4 0  |6 R_515_900000000000000_CONF2  |7 0  |9 216361  |a MAT  |b MAT  |l 0  |o R 515.9 CON-F2  |p MAT4368  |r 2019-11-01  |w 2019-11-01  |y BK